Normal view
MARC view
- المنظمات- ثقافة
Entry Topical Term
001 - CONTROL NUMBER
- control field: 62448
003 - CONTROL NUMBER IDENTIFIER
- control field: JO-AjAnu
005 - DATE AND TIME OF LATEST TRANSACTION
- control field: 20230606084211.0
008 - FIXED-LENGTH DATA ELEMENTS
- fixed length control field: 230606|| aca||aabn | a|a d
040 ## - CATALOGING SOURCE
- Original cataloging agency: JO-AjAnu
- Transcribing agency: JO-AjAnu
150 ## - HEADING--TOPICAL TERM
- Topical term or geographic name entry element: المنظمات- ثقافة
670 ## - SOURCE DATA FOUND
- Source citation: Work cat.: (JO-AjAnu)31846: إعداد إبراهيم، لينا طعمه سلامة؛ إشراف بلال احمد مثاني , author 62447, اثر ابعاد الثقافه التنظيمية في تعزيز الريادة المؤسسية لدى العاملين في الجامعات الخاصة في الأردن=The impact of Organazational culture Dimensions in Enhancung Instituional Entrepreeneurship for Employees in private Universities in jordan